Водный кодекс Российской Федерации

Detalhes bibliográficos
Idioma:russo
Publicado em: Москва, Ось-89, 2001
Assuntos:
Formato: Livro
KOHA link:https://koha.lib.tpu.ru/cgi-bin/koha/opac-detail.pl?biblionumber=53007

MARC

LEADER 00000nam0a2200000 4500
001 53007
005 20231031043836.0
010 |a 5868940660 
035 |a (RuTPU)RU\TPU\book\55585 
090 |a 53007 
100 |a 20030610d2001 m a0rusy50 ca 
101 0 |a rus 
102 |a RU 
105 |a y n 000zy 
200 1 |a Водный кодекс Российской Федерации 
210 |a Москва  |c Ось-89  |d 2001 
215 |a 80 с. 
610 1 |a право 
610 1 |a экологическое право 
610 1 |a водный кодекс 
610 1 |a Россия 
610 1 |a Российская Федерация 
686 |a Х625  |v LBC/SL-A  |2 rubbk 
801 1 |a RU  |b 63413507  |c 20030610  |g PSBO 
801 2 |a RU  |b 63413507  |c 20100820  |g PSBO 
942 |c BK